<?xml version="1.0" encoding="UTF-8"?><?xml-stylesheet type="text/xsl" href="static/style.xsl"?><OAI-PMH xmlns="http://www.openarchives.org/OAI/2.0/" xmlns:xsi="http://www.w3.org/2001/XMLSchema-instance" xsi:schemaLocation="http://www.openarchives.org/OAI/2.0/ http://www.openarchives.org/OAI/2.0/OAI-PMH.xsd"><responseDate>2026-06-03T10:51:01Z</responseDate><request verb="GetRecord" identifier="oai:riuma.uma.es:10630/24328" metadataPrefix="marc">https://riuma.uma.es/rest/oai/request</request><GetRecord><record><header><identifier>oai:riuma.uma.es:10630/24328</identifier><datestamp>2026-02-03T11:35:26Z</datestamp><setSpec>com_10630_2254</setSpec><setSpec>col_10630_37953</setSpec></header><metadata><record xmlns="http://www.loc.gov/MARC21/slim" xmlns:dcterms="http://purl.org/dc/terms/" xmlns:doc="http://www.lyncode.com/xoai" xmlns:xsi="http://www.w3.org/2001/XMLSchema-instance" xsi:schemaLocation="http://www.loc.gov/MARC21/slim http://www.loc.gov/standards/marcxml/schema/MARC21slim.xsd">
   <leader>00925njm 22002777a 4500</leader>
   <datafield ind2=" " ind1=" " tag="042">
      <subfield code="a">dc</subfield>
   </datafield>
   <datafield ind2=" " ind1=" " tag="720">
      <subfield code="a">De la Piedra-Torres, Antonio J.</subfield>
      <subfield code="e">author</subfield>
   </datafield>
   <datafield ind2=" " ind1=" " tag="720">
      <subfield code="a">López-Martínez, Alicia Eva</subfield>
      <subfield code="e">author</subfield>
   </datafield>
   <datafield ind2=" " ind1=" " tag="720">
      <subfield code="a">Ramírez-Maestre, María del Carmen</subfield>
      <subfield code="e">author</subfield>
   </datafield>
   <datafield ind2=" " ind1=" " tag="260">
      <subfield code="c">2022-06-01</subfield>
   </datafield>
   <datafield ind2=" " ind1=" " tag="520">
      <subfield code="a">Previous studies on palliative care have assessed the phenomenon of Information&#xd;
Concealment (IC), confirmed its relevance and emphasised the need to have a scale for&#xd;
its assessment. The aim of this study was to design and validate such an instrument.&#xd;
The sample comprised 150 palliative caregivers (23 men and 127 women). The dimensionality&#xd;
of the items of the Information Concealment Scale for Caregivers (ECOI) was&#xd;
assessed using Exploratory Factor Analysis and an optimal implementation of parallel&#xd;
analysis. Reliability and criterion validity were analysed using sample data. The ECOI&#xd;
comprises three factors: Concealment or dissimulation about the disease, misrepresentation&#xd;
of the real situation and control of the information. The scale has excellent&#xd;
reliability and shows criterion validity. Therefore, the ECOI is a reliable and valid instrument&#xd;
to objectively measure IC among Spanish caregivers in palliative care settings.</subfield>
   </datafield>
   <datafield ind1="8" ind2=" " tag="024">
      <subfield code="a">de la Piedra-Torres, A.J., López-Martínez, A.E., &amp; Ramírez-Maestre, C. (2022, advance online). Information concealment in palliative patients: Development and pilot study of a new scale for caregivers. Health &amp; Social Care in the Community.  https://doi.org/10.1111/hsc.13854</subfield>
   </datafield>
   <datafield ind1="8" ind2=" " tag="024">
      <subfield code="a">https://hdl.handle.net/10630/24328</subfield>
   </datafield>
   <datafield ind1="8" ind2=" " tag="024">
      <subfield code="a">10.1111/hsc.13854</subfield>
   </datafield>
   <datafield tag="653" ind2=" " ind1=" ">
      <subfield code="a">Cuidados terminales</subfield>
   </datafield>
   <datafield tag="653" ind2=" " ind1=" ">
      <subfield code="a">Tratamiento paliativo</subfield>
   </datafield>
   <datafield tag="653" ind2=" " ind1=" ">
      <subfield code="a">Comunicación</subfield>
   </datafield>
   <datafield tag="653" ind2=" " ind1=" ">
      <subfield code="a">Escala de Ocultamiento de Información para Cuidadores (ECOI)</subfield>
   </datafield>
   <datafield tag="653" ind2=" " ind1=" ">
      <subfield code="a">Psicometría</subfield>
   </datafield>
   <datafield tag="653" ind2=" " ind1=" ">
      <subfield code="a">Psicología - Métodos estadísticos</subfield>
   </datafield>
   <datafield ind2="0" ind1="0" tag="245">
      <subfield code="a">Information concealment in palliative patients: Development and pilot study of a new scale for caregivers</subfield>
   </datafield>
</record>
</metadata></record></GetRecord></OAI-PMH>